| 000 | 00496cam a2200205ua 4500 | ||
|---|---|---|---|
| 001 | 9192 | ||
| 005 | 20260515114435.0 | ||
| 008 | 150223n ii |||gr||||Z||||||eng | ||
| 040 | _cMAIN | ||
| 041 | _aeng | ||
| 082 | _a420.071 | ||
| 100 |
_aBaruah, T. C., _eAuthor., |
||
| 245 | 1 |
_aEnglish teachers handbook _cBy T. C. Baruah |
|
| 250 | _a3rd rev. | ||
| 260 |
_aNew delhi: _bSterling, _c1997. |
||
| 300 | _a328p. | ||
| 653 | _aEnglish & Old English | ||
| 653 | _aEnglish teacher | ||
| 942 | _cBK | ||
| 999 |
_c8255 _d8255 |
||